000 00579nam a22001817a 4500
010 _aB-495098
020 _a9789350293942
_c499.00
035 _aB-495098
037 _adpl
_bBBB/Ven
082 _aN
100 _aKoshy, Mridula
245 _aNot only the things that have happened /
_cby Mridula Koshy
260 _aNew Delhi
_bFourth Estate
_c2012
270 _aA-53, Sector 57, Noida, Uttar Pradesh 201301,
_e110049
300 _a352p.
_b20cm(Hb)
942 _2ddc
_cEN
_mKOS
_hN
999 _c78989
_d78989